The partnership book: How write your own small business partnership agreement

Сохранить в:
Библиографические подробности
Главный автор: Attorneys Denis Clifford
Формат:
Язык:Undetermined
Опубликовано: Berkeley, California Nolo Press 1988
Предметы:
Метки: Добавить метку
Нет меток, Требуется 1-ая метка записи!
Thư viện lưu trữ: Trung tâm Học liệu Trường Đại học Cần Thơ
LEADER 00594nam a2200181Ia 4500
001 CTU_43274
008 210402s9999 xx 000 0 und d
082 |a 685.042 
082 |b C637 
100 |a Attorneys Denis Clifford 
245 4 |a The partnership book: How write your own small business partnership agreement 
245 0 |c Attorneys Denis Clifford, Ralph Warner 
260 |a Berkeley, California 
260 |b Nolo Press 
260 |c 1988 
650 |a partnership,strategic alliances ( business ) 
904 |i Minh, 010904 
980 |a Trung tâm Học liệu Trường Đại học Cần Thơ